000 00420nam a22001577a 4500
005 20251113152529.0
008 251113b |||||||| |||| 00| 0 eng d
020 _a979-8-88715-081-9
100 _aJOHNASON ERIC LAKE
245 _aLIBRARY AUTOMATION
260 _aDUBLIN OH
_bORYSON PRESS
_c2023
300 _aVI,289P.
500 _aINCLUDES AN INDEX
650 _aLIBRARY SCIENCE-DATA PROCESSING
942 _2lcc
_cBK
999 _c216184
_d216184